| 000 | 01109nam a2200313 i 4500 | ||
|---|---|---|---|
| 001 | 015473454 | ||
| 003 | EG-ScBUE | ||
| 005 | 20230711104529.0 | ||
| 008 | 100122t2011 nyua f b 001 0 eng d | ||
| 020 | _a9780470721445 (pbk.) | ||
| 020 | _a0470721448 (pbk.) | ||
| 040 |
_aStDuBDS _beng _erda _cStDuBDS _dUk _dEG-ScBUE |
||
| 082 | 0 | 4 |
_a910.285 _222 _bGEO |
| 245 | 0 | 0 |
_aGeographic information systems & science / _cPaul A. Longley, University College London, UK, [and three others] |
| 246 | 3 | _aGeographic information systems and science | |
| 250 | _aThird edition. | ||
| 264 | 1 |
_aHoboken, United States : _bJohn Wiley & Sons, Inc., _c[2011] |
|
| 264 | 4 | _cc2011 | |
| 300 |
_axix, 539 pages : _bcolor illustrations ; _c28 cm |
||
| 336 |
_2rdacontent _atext _btxt |
||
| 337 |
_2rdamedia _aunmediated _bn |
||
| 338 |
_2rdacarrier _avolume _bnc |
||
| 504 | _aIncludes bibliographical references and index. | ||
| 650 | 7 |
_aGeographic information systems. _2BUEsh _94796 |
|
| 653 |
_bENGARC _cMarch2014 |
||
| 655 | _vReading book | ||
| 700 | 1 |
_aLongley, Paul, _eauthor. _935787 |
|
| 942 |
_2ddc _k910.285 GEO _cBB |
||
| 999 |
_c18174 _d18146 |
||